Statistics for 1404-伊豆箱根鉄道の駅

Click here to take the quiz!

General Stats

  • This quiz has been taken 39 times
    (36 since last reset)
  • The average score is 14 of 25

Answer Stats

本線% Correct
大雄山
93%
小田原
90%
三島
83%
修善寺
83%
三島田町
76%
三島広小路
72%
富士フイルム前
69%
五百羅漢
62%
大場
62%
韮山
59%
伊豆長岡
59%
大仁
52%
三島二日町
48%
緑町
48%
穴部
45%
田京
41%
牧之郷
38%
井細田
38%
原木
38%
塚原
38%
伊豆仁田
38%
相模沼田
34%
岩原
34%
飯田岡
28%
和田河原
24%

Score Distribution

Percentile by Number Answered

Percent of People with Each Score

Your Score History

You have not taken this quiz since the last reset